| 000 | 00761nam a2200217 a 4500 | ||
|---|---|---|---|
| 008 | 120416s1995 ||||||||||||||||| || u | ||
| 020 | _a052147924x | ||
| 050 | _aLB 1028.43 Sch | ||
| 100 | _aSchofield, Janet Ward | ||
| 245 | 1 | 0 | _aComputers and classroom culture |
| 260 |
_aCambridge: _bCambridge University Press _c1995 |
||
| 300 | _axii, 271 p. | ||
| 350 | _a0.00 | ||
| 650 | _aCOMPUTERS | ||
| 650 | _aCOMPUTERS--SOCIAL ASPECTS | ||
| 650 | 0 | _aCOMPUTER-ASSISTED INSTRUCTION | |
| 650 | _aEDUCATION--DATA PROCESSING | ||
| 650 | _aSEX ROLE | ||
| 650 | _aCOMPUTER SCIENCE--STUDY AND TEACHING | ||
| 995 |
_D0.00 _FCBU-MAIN LIBRARY (Kitwe) _H1 _I7.95 _M1 _UAVAILABLE _ZAnnex Low-Usage Collection |
||
| 999 |
_c38279 _d38279 |
||